Can you name all 197 countries in the world? - Statistics

General Stats
  • This quiz has been taken 4,947 times
  • The average score is 104 of 197
Answer Stats
Picture Answer % Correct
Australia
94%
New Zealand
83%
China
76%
Russia
76%
United Kingdom
76%
India
73%
Japan
72%
France
71%
Germany
71%
North Korea
71%
South Korea
70%
Italy
69%
Spain
69%
Sweden
69%
Turkey
69%
USA
69%
Canada
68%
Poland
68%
Ukraine
68%
Brazil
67%
Finland
67%
Ireland
67%
Norway
67%
Iceland
66%
Iran
66%
Papua New Guinea
66%
Egypt
65%
Greece
65%
Pakistan
65%
Portugal
65%
Argentina
64%
Indonesia
64%
Iraq
64%
Israel
64%
Mexico
64%
Switzerland
64%
Austria
63%
Belgium
63%
Denmark
63%
Saudi Arabia
63%
Bangladesh
62%
Mongolia
62%
Niger
62%
Thailand
62%
Vietnam
62%
Chile
61%
Romania
61%
South Africa
61%
Afghanistan
60%
Albania
60%
Cyprus
60%
Georgia
60%
Kazakhstan
60%
Netherlands
60%
Philippines
60%
Croatia
59%
Malaysia
59%
Morocco
59%
Nigeria
59%
Qatar
59%
Taiwan
59%
Estonia
58%
Hungary
58%
Singapore
58%
Sri Lanka
58%
United Arab Emirates
58%
Algeria
57%
Jamaica
57%
Peru
57%
Slovakia
57%
Vatican City
57%
Belarus
56%
Bhutan
56%
Chad
56%
Colombia
56%
Czechia
56%
Lebanon
56%
Nepal
56%
Serbia
56%
Syria
56%
Cambodia
55%
Cuba
55%
Fiji
55%
Kenya
55%
Laos
55%
Latvia
55%
Luxembourg
55%
Uruguay
55%
Yemen
55%
Bulgaria
54%
Jordan
54%
Slovenia
54%
Andorra
53%
Armenia
53%
Dominican Republic
53%
Sudan
53%
Tunisia
53%
Bosnia and Herzegovina
52%
Ghana
52%
Greenland
52%
Kosovo
52%
Libya
52%
Lithuania
52%
Monaco
52%
Paraguay
52%
Somalia
52%
Turkmenistan
52%
Uzbekistan
52%
Kyrgyzstan
51%
Malta
51%
Myanmar
51%
Oman
51%
Panama
51%
San Marino
51%
Venezuela
51%
Dominica
50%
Ethiopia
50%
Madagascar
50%
Uganda
50%
Angola
49%
Azerbaijan
49%
Macedonia
49%
Moldova
49%
South Sudan
49%
Bahrain
48%
Bolivia
48%
Ecuador
48%
Haiti
48%
Kuwait
48%
Mali
48%
Palau
48%
Senegal
48%
Solomon Islands
48%
Zimbabwe
48%
Brunei
47%
Costa Rica
47%
Ivory Coast
47%
Liechtenstein
47%
Montenegro
47%
Nauru
47%
Zambia
47%
Liberia
46%
Tajikistan
46%
Cameroon
45%
Guinea
45%
Honduras
45%
Maldives
45%
Bahamas
44%
Barbados
44%
Central African Republic
44%
Samoa
44%
Togo
44%
Botswana
43%
Micronesia
43%
Timor-Leste
43%
El Salvador
42%
Guatemala
42%
Marshall Islands
42%
Nicaragua
42%
Rwanda
42%
Tonga
42%
Tuvalu
42%
Benin
41%
Lesotho
41%
Tanzania
41%
Vanuatu
41%
Belize
40%
Gabon
40%
Gambia
40%
Guyana
40%
Mozambique
40%
Suriname
40%
Burundi
39%
Djibouti
39%
Kiribati
39%
Mauritania
39%
Namibia
39%
Saint Lucia
39%
Trinidad and Tobago
39%
Burkina Faso
38%
Eritrea
38%
Eswatini
38%
Malawi
38%
Seychelles
38%
Sierra Leone
37%
Guinea-Bissau
36%
Antigua and Barbuda
35%
DRC
35%
Mauritius
35%
Equatorial Guinea
34%
Comoros
33%
Grenada
33%
Saint Kitts and Nevis
33%
Saint Vincent and The Grenadines
32%
Sao Tome and Principe
29%
Cabo Verde
23%
Republic Congo
13%
No matching quizzes found
Score Distribution
Percent of People with Each Score
Percentile by Number Answered
Your Score History
You have not taken this quiz